Statistics for Guess the Taylor Swift song with no hint 86

Click here to take the quiz!

General Stats

  • This quiz has been taken 345 times
  • The average score is 348 of 406

Answer Stats

Answer% Correct
a
100%
I
99%
The
98%
the
98%
And
97%
and
97%
is
97%
it
97%
me
97%
in
96%
So
96%
so
96%
To
96%
to
96%
We
96%
we
96%
He
95%
on
95%
of
93%
we're
93%
We're
93%
all
92%
But
92%
but
92%
I'm
92%
like
92%
my
92%
that
92%
they
92%
are
91%
It's
91%
Then
91%
too
91%
at
90%
just
90%
what
90%
for
89%
know
88%
with
88%
'Cause
87%
'cause
87%
could
87%
love
87%
off
87%
every
86%
night
86%
can't
85%
come
85%
Come
85%
our
85%
us
85%
day
84%
mine
84%
Out
84%
Baby
83%
baby
83%
get
83%
new
83%
up
83%
everything
82%
life
82%
Oh
82%
them
82%
tired
82%
dream
81%
free
81%
romantic
81%
see
81%
want
81%
young
81%
ah
80%
(ah)
80%
(Ah
80%
ah)
80%
best
80%
castle
80%
people
80%
romantics
80%
along
79%
bored
79%
build
79%
threw
79%
aren't
78%
sing
78%
wait
78%
about
77%
battle
77%
better
77%
dancing
77%
Honey
77%
honey
77%
busy
76%
classroom
76%
coming
76%
hand
76%
national
76%
proudly
76%
take
76%
anthem
75%
bathroom
75%
bricks
75%
cry
75%
doin'
75%
feet
75%
Heartbreak
75%
here
75%
most
75%
show
75%
dumb
74%
mascara
74%
play
74%
tears
74%
true
74%
cruel
73%
face
73%
road
73%
Trust
73%
rumors
72%
Ace
71%
letters
71%
ruin
71%
terrible
71%
danger
70%
different
70%
exactly
70%
need
70%
Please
70%
scarlet
70%
leave
69%
trains
69%
knocked
67%
record
67%
changer
66%
lights
66%
back
65%
blinding
65%
poker
65%
timing
64%
switch
63%
sides
61%
stranded
61%
team
61%
hang
54%
noise
46%

Score Distribution

Percentile by Number Answered

Percent of People with Each Score

Your Score History

You have not taken this quiz